Alternativas europeas a la crisis centroamericana

Guardado en:
Bibliografiske detaljer
Format: Texto
Udgivet: Santander: ICI
Tags: Tilføj Tag
Ingen Tags, Vær først til at tagge denne postø!

MARC

LEADER 00000 a a2200000 04500
001 24365
003
040
090 |a 172721  
245 |a Alternativas europeas a la crisis centroamericana  
260 |a Santander:   |b ICI  
300 |a 152 p.  
999 |c 12577  |d 12577